[Event "44th Badalona Open 2018"]
[Site "Badalona"]
[Date "2018.08.04"]
[Round "4"]
[White "Mut Company, Guillem Joan"]
[Black "Costa Trave, Jaume"]
[Result "1/2-1/2"]
[WhiteElo "1898"]
[BlackElo "1791"]
[Annotator "NA"]
[PlyCount "96"]
[EventDate "2018.08.01"]
[EventType "swiss"]
[EventCountry "ESP"]
[SourceTitle "playchess.com"]
[Source "ChessBase"]
[SourceQuality "1"]
[TimeControl "5400+30"]

1. d4 d5 2. c4 e5 {[%emt 0:12:46]} 3. dxe5 {[%emt 0:03:48]} d4 {[%emt 0:00:15]} 4. Nf3 {[%emt 0:00:15]} Nc6 {[%emt 0:00:16]} 5. a3 {[%emt 0:00:45]} Be6 {[%emt 0:01:12]} 6. Nbd2 {[%emt 0:00:14]} Nge7 {[%emt 0:00:30]} 7. Nb3 {[%emt 0:00:53]} Nf5 {[%emt 0:03:19]} 8. h4 {[%emt 0:01:39]} Bxc4 {[%emt 0:00:43]} 9. e4 {[%emt 0:00:59]} Bxf1 {[%emt 0:01:02]} 10. Kxf1 {[%emt 0:08:34]} Nfe7 {[%emt 0:07:03]} 11. h5 {[%emt 0:07:08]} f6 {[%emt 0:00:03]} 12. exf6 {[%emt 0:00:30]} gxf6 {[%emt 0:00:30]} 13. Bf4 {[%emt 0:16:39]} Nc8 {[%emt 0:04:20]} 14. Nfxd4 {[%emt 0:00:30]} Nxd4 {[%emt 0:00:52]} 15. Nxd4 {[%emt 0:07:22]} Qd7 {[%emt 0:04:39]} 16. Rc1 {[%emt 0:00:30]} Nd6 {[%emt 0:00:30]} 17. Bxd6 {[%emt 0:04:13]} Bxd6 {[%emt 0:02:26]} 18. Nf5 {[%emt 0:03:04]} O-O-O {[%emt 0:00:02]} 19. Nxd6+ {[%emt 0:00:30]} Qxd6 {[%emt 0:00:30]} 20. Qxd6 {[%emt 0:01:03]} Rxd6 {[%emt 0:11:20]} 21. Ke2 {[%emt 0:00:24]} Rg8 {[%emt 0:00:28]} 22. g3 {[%emt 0:02:16]} Re6 {[%emt 0:00:41]} 23. Kf3 {[%emt 0:02:37]} Rge8 {[%emt 0:00:30]} 24. Rc4 {[%emt 0:00:30]} Rf8 {[%emt 0:00:30]} 25. g4 {[%emt 0:03:56]} Rfe8 {[%emt 0:00:30]} 26. Rhc1 {[%emt 0:00:30]} c6 {[%emt 0:00:30]} 27. Ke3 {[%emt 0:00:30]} Re5 {[%emt 0:00:51]} 28. Kf3 {[%emt 0:02:09]} Kc7 {[%emt 0:01:15]} 29. Kf4 {[%emt 0:01:44]} R8e6 {[%emt 0:00:30]} 30. f3 {[%emt 0:00:48]} b6 {[%emt 0:02:16]} 31. Ke3 {[%emt 0:01:42]} Rd6 {[%emt 0:00:30]} 32. b4 {[%emt 0:00:47]} a5 {[%emt 0:00:17]} 33. bxa5 {[%emt 0:01:47]} Rxa5 {[%emt 0:00:30]} 34. a4 {[%emt 0:00:30]} c5 {[%emt 0:00:29]} 35. Ke2 {[%emt 0:02:41]} Kc6 {[%emt 0:01:33]} 36. Rb1 {[%emt 0:02:18]} h6 {[%emt 0:00:30]} 37. Ra1 {[%emt 0:00:30]} Kc7 {[%emt 0:00:49]} 38. Rd1 {[%emt 0:02:09]} Rxd1 {[%emt 0:01:09]} 39. Kxd1 {[%emt 0:00:48]} Kc6 {[%emt 0:00:00]} 40. Kd2 {[%emt 0:00:30]} b5 {[%emt 0:00:24]} 41. axb5+ {[%emt 0:00:16]} Kxb5 {[%emt 0:00:11]} 42. Rc1 {[%emt 0:00:44]} c4 {[%emt 0:01:00]} 43. Ke3 {[%emt 0:02:30]} Kc5 {[%emt 0:00:26]} 44. Rd1 {[%emt 0:04:37]} Ra3+ {[%emt 0:01:03]} 45. Ke2 {[%emt 0:00:30]} Ra2+ {[%emt 0:00:30]} 46. Ke3 {[%emt 0:02:24]} Ra3+ {[%emt 0:04:20]} 47. Ke2 {[%emt 0:00:37]} Ra2+ 48. Ke3 c3 1/2-1/2

[Event "44th Badalona Open 2018"]
[Site "Badalona"]
[Date "2018.08.04"]
[Round "4"]
[White "Van Malder, Klaus"]
[Black "Kruijf, Caspar"]
[Result "1/2-1/2"]
[WhiteElo "1813"]
[BlackElo "1918"]
[Annotator "NA"]
[PlyCount "47"]
[EventDate "2018.08.01"]
[EventType "swiss"]
[EventCountry "ESP"]
[SourceTitle "playchess.com"]
[Source "ChessBase"]
[SourceQuality "1"]
[TimeControl "5400+30"]

1. Nc3 {[%emt 0:00:00]} d5 {[%emt 0:00:00]} 2. e4 {[%emt 0:00:00]} d4 {[%emt 0:00:00]} 3. Nce2 {[%emt 0:00:00]} Nc6 {[%emt 0:00:17]} 4. Ng3 {[%emt 0:00:06]} e5 {[%emt 0:00:55]} 5. Nf3 {[%emt 0:00:19]} Be6 {[%emt 0:01:51]} 6. Bb5 {[%emt 0:00:45]} f6 {[%emt 0:00:44]} 7. d3 {[%emt 0:00:56]} Bb4+ {[%emt 0:00:26]} 8. Bd2 {[%emt 0:01:46]} Bxd2+ {[%emt 0:00:36]} 9. Qxd2 {[%emt 0:00:04]} Nge7 {[%emt 0:00:45]} 10. O-O {[%emt 0:01:23]} O-O {[%emt 0:05:49]} 11. Ba4 {[%emt 0:03:00]} Qd7 {[%emt 0:04:39]} 12. Rad1 {[%emt 0:07:38]} a6 {[%emt 0:04:54]} 13. Bb3 {[%emt 0:01:49]} Bxb3 {[%emt 0:01:39]} 14. axb3 {[%emt 0:00:06]} Rad8 {[%emt 0:03:06]} 15. Nh4 {[%emt 0:02:40]} Rde8 {[%emt 0:10:33]} 16. Qe2 {[%emt 0:06:22]} Qe6 {[%emt 0:03:50]} 17. h3 {[%emt 0:10:39]} Kh8 {[%emt 0:06:00]} 18. Nhf5 {[%emt 0:07:31]} Nxf5 {[%emt 0:03:08]} 19. exf5 {[%emt 0:02:28]} Qd7 {[%emt 0:02:42]} 20. Qe4 {[%emt 0:01:26]} b6 {[%emt 0:04:52]} 21. Rde1 {[%emt 0:03:47]} a5 {[%emt 0:03:01]} 22. Kh2 {[%emt 0:01:24]} Ne7 {[%emt 0:02:25]} 23. Qg4 {[%emt 0:04:22]} Nd5 {[%emt 0:04:41]} 24. h4 {[%emt 0:11:55]} 1/2-1/2

[Event "44th Badalona Open 2018"]
[Site "Badalona"]
[Date "2018.08.05"]
[Round "5"]
[White "Oliva Castaneda, Kevel"]
[Black "Escalante Ramirez, Brian Sebastian"]
[Result "1/2-1/2"]
[WhiteElo "2478"]
[BlackElo "2438"]
[Annotator "TA"]
[PlyCount "36"]
[EventDate "2018.08.01"]
[EventType "swiss"]
[EventCountry "ESP"]
[SourceTitle "playchess.com"]
[Source "ChessBase"]
[SourceQuality "1"]

{[%evp 26,27,22,35]} 1. d4 Nf6 2. Nf3 c5 3. d5 e6 4. c4 exd5 5. cxd5 d6 6. Nc3 g6 7. g3 Bg7 8. Bg2 O-O 9. O-O Re8 10. Bf4 Na6 11. Re1 {A62: Modern Benoni: Fianchetto Variation without early ...Nbd7} Bg4 12. h3 Bxf3 13. Bxf3 Nd7 14. Bg2 {LiveBook: 3 Games} (14. Ne4 Ne5 15. Bg2 Nc7 16. g4 f5 17. gxf5 gxf5 18. Bg5 Qd7 {½-½ (66) Wojtaszek,R (2737)-Zhigalko,S (2638) Heraklio 2017}) {Predecessor:} 14... Ne5 $146 15. Qc1 f5 16. Qb1 c4 17. Qc2 Qd7 18. Rad1 Rac8 {½-½ (37) Karpenko,A (2374)-Kozionov,K (2456) Voronezh 2018} 1/2-1/2

[Event "44th Badalona Open 2018"]
[Site "Badalona"]
[Date "2018.08.05"]
[Round "5"]
[White "Fluvia Poyatos, Jordi"]
[Black "Gallego Alcaraz, Andres Felipe"]
[Result "1/2-1/2"]
[WhiteElo "2441"]
[BlackElo "2500"]
[Annotator "TA"]
[PlyCount "106"]
[EventDate "2018.08.01"]
[EventType "swiss"]
[EventCountry "ESP"]
[SourceTitle "playchess.com"]
[Source "ChessBase"]
[SourceQuality "1"]

{[%evp 19,106,-22,-20,-23,-18,-25,-25,-51,0,0,83,17,32,6,17,11,45,0,9,-56,-17,-215,-220,-208,-132,-135,-140,-151,-142,-120,-96,-277,-271,-286,-80,-114,-52,-54,-46,-86,-64,-60,-51,-116,-123,-210,-225,-227,-211,-220,-209,-197,-216,-199,-124,-165,-95,-179,-108,-152,0,-16,0,0,0,0,0,0,0,0,0,0,13,0,389,0,309,0,0,0,0,0,0,0,0,0,0,0,0]} 1. e4 {[%cal Be2e4,Be4e5][%mdl 32]} e6 2. d4 d5 3. e5 c5 4. c3 Nc6 5. Nf3 Bd7 6. Be2 f6 7. O-O fxe5 {C02: Französische Verteidigung (Vorstoßvariante)} 8. dxe5 Nh6 9. c4 d4 10. Bxh6 gxh6 {LiveBook: 3 Partien} 11. Nbd2 $146 ({Vorgänger:} 11. Re1 Ne7 12. b4 cxb4 13. Qxd4 Rg8 14. Nbd2 Bc6 15. Qf4 {0-1 (49) Zhigalko,S (2653)-Savchenko,B (2633) Izmir 2016}) 11... Qc7 12. Re1 O-O-O 13. Bd3 Be7 (13... Be8 $15) 14. a3 $11 Rdg8 (14... Kb8 $11) 15. Ne4 (15. b4 $1 $16) 15... Be8 16. Nf6 Bxf6 17. exf6 Qf4 18. Be4 (18. Rxe6 Rxg2+ 19. Kxg2 Qg4+ 20. Kh1 Qxe6 $17) 18... Qxf6 $40 {[%mdl 128] Schwarz greift an.} 19. Qd3 ({Besser ist} 19. b4 $11) 19... Rg4 20. g3 $2 (20. Nd2 $11 {und Weiss muss sich keine Sorgen machen.}) 20... Rf8 $19 21. Kg2 h5 22. h3 Rg7 23. h4 Ne7 $1 24. Re2 Nf5 25. Kf1 $2 (25. Kh2 $17) 25... Bg6 26. Kg2 {[#]} h6 $2 (26... Ne3+ $1 $19 {[%mdl 512] ist viel giftiger.} 27. fxe3 Bxe4 28. Qxe4 Rg4) 27. Rf1 $17 Be8 (27... Ne7 $1 $17 28. Ree1 Bxe4 29. Qxe4 Rg4 30. Qxe6+ Qxe6 31. Rxe6 Ng6) 28. Kh2 $1 $15 Kb8 29. b4 Nd6 30. Nd2 Rc7 31. b5 (31. Qb3 $15) 31... Nxe4 $17 32. Qxe4 (32. Nxe4 $17 Bg6 33. Ree1) 32... Bg6 $19 33. Qxe6 Qxe6 34. Rxe6 Bd3 35. Kg2 Bxf1+ 36. Kxf1 {[%mdl 4096] Endspiel KTT-KTS} Rf5 ({Günstiger ist} 36... Rcc8 $19 37. Rxh6 d3) 37. f4 Rd7 ({Lieber} 37... Rff7 $1 $19 38. Rxh6 Rh7 39. Rxh7 Rxh7) 38. Ke2 {[#]} (38. Rxh6 $17 {ist eine bessere Verteidigung.} Re7 39. Kf2) 38... Kc7 (38... Rff7 $1 $19 {[%cal Rf7e7] Weiss muss nun ...Tfe7 beachten.} 39. Rxh6 Rfe7+ 40. Kd1 Rh7 41. Rxh7 Rxh7) 39. Kd3 {[#]} Rd6 (39... Rff7 $1 $17 {Und weiter mit ...Tde7 wäre nett.} 40. Rxh6 Rfe7 41. Rxh5 Re3+ 42. Kc2 b6) 40. Re7+ $11 Kb6 41. a4 Rg6 42. Ne4 a5 43. Rd7 {Droht stark Sd6.} Ka7 $1 44. Nd6 Rxg3+ 45. Ke4 Rf6 46. Nxb7 Re3+ $1 47. Kd5 d3 $2 {[%mdl 8192]} ({Aber nicht} 47... Rxf4 $2 48. Nxc5+ Ka8 49. b6 $18) (47... Kb8 $1 $11 48. Kxc5 (48. Nxc5 Kc8 $11) 48... Kc8 49. Kxd4 Rf3) 48. Nd6+ $2 ({Schwächer ist} 48. Nxc5+ Kb8 $16) ({Weiss kommt nicht vorbei an} 48. Kxc5 $18 Kb8 49. Nxa5) 48... Kb8 {Droht ...Te7! und aus.Die Stellung ist ausgeglichen.} 49. b6 {[%cal Rd7d8]} Rf8 50. Rb7+ Ka8 51. Ra7+ Kb8 52. Rb7+ Ka8 53. Ra7+ Kb8 {Precision: Weiß = 41%, Schwarz = 48%.} 1/2-1/2

[Event "44th Badalona Open 2018"]
[Site "Badalona"]
[Date "2018.08.05"]
[Round "5"]
[White "Sturt, Raven M"]
[Black "Fernandez, Maria Florencia"]
[Result "1-0"]
[WhiteElo "2437"]
[BlackElo "2215"]
[Annotator "TA"]
[PlyCount "63"]
[EventDate "2018.08.01"]
[EventType "swiss"]
[EventCountry "ESP"]
[SourceTitle "playchess.com"]
[Source "ChessBase"]
[SourceQuality "1"]

{[%evp 16,63,43,24,37,15,20,17,17,16,31,20,54,41,81,78,81,87,72,54,77,25,152,122,195,36,54,14,134,119,109,106,141,120,105,112,210,96,79,74,270,257,712,666,29982,10633,29996,5105,29997,29998]} 1. d4 Nf6 2. c4 c5 3. d5 e6 4. Nc3 exd5 5. cxd5 d6 6. e4 g6 7. Bd3 Bg7 8. Nge2 O-O 9. Ng3 {LiveBook: 14 Games. A65: Modern Benoni: 6 e4} (9. O-O a6 10. a4 Re8 11. Ng3 h5 12. Bg5 Nbd7 13. Qd2 Qc7 14. f4 c4 15. Bb1 Nc5 16. Ra3 Bd7 17. h3 Nb3 18. Qd1 Nh7 19. Kh1 Nxg5 20. fxg5 Re5 21. Qf3 Rf8 22. Qf4 f6 23. gxf6 Rxf6 24. Qe3 Qd8 25. Bc2 Nc5 {0-1 (25) Kasimdzhanov,R (2687)-Bacrot,E (2718) Nancy 2011}) 9... Ng4 10. f3 Ne5 11. Be2 {The position is equal.} h5 12. O-O Na6 $146 ({Predecessor:} 12... h4 13. Nh1 f5 14. f4 Nf7 15. Nf2 Nd7 16. Bd3 {1-0 (29) Fokin,S-Chekhov,V (2500) Sverdlovsk 1987}) 13. Be3 Rb8 14. Qd2 $36 {[%mdl 2048] White has good play.} Nc7 15. f4 Ng4 16. Bxg4 $1 Bxg4 17. h3 Bd7 18. e5 (18. f5 $1 $16) 18... dxe5 (18... f5 $11) 19. Bxc5 Re8 {[#]} (19... f5 $16) 20. Bxa7 $2 (20. f5 $1 $18) 20... Ra8 $14 21. Be3 {f5 is the strong threat.} Nb5 (21... exf4 $11 22. Bxf4 Nb5) 22. f5 $16 Nxc3 23. bxc3 Bb5 24. Ne4 Bxf1 25. Rxf1 Qa5 (25... Ra6 $16 {keeps fighting.}) 26. f6 (26. fxg6 $18 {and White stays clearly on top.} fxg6 27. d6) 26... Bf8 {[#]} 27. Bh6 $1 {[%cal Rh6f8]} Bc5+ $2 (27... Kh7 $16 {was worth a try.} 28. Bxf8 Rxf8) 28. Kh2 $18 {White wants to mate with Bg7.} Qb5 $2 (28... Qxa2 29. Qxa2 (29. Nxc5 Qc4 $16) 29... Rxa2) 29. Re1 {Hoping for Bg7.} Be7 30. fxe7 {Threatening mate with Nf6+.} Rxe7 31. Nf6+ Kh8 {[#]} 32. Bf8 $1 {[%mdl 512] Precision: White = 55%, Black = 22%.} 1-0

[Event "44th Badalona Open 2018"]
[Site "Badalona"]
[Date "2018.08.05"]
[Round "5"]
[White "Ootes, Lars"]
[Black "Deshpande, Aniruddha"]
[Result "0-1"]
[WhiteElo "2378"]
[BlackElo "2179"]
[Annotator "NA"]
[PlyCount "78"]
[EventDate "2018.08.01"]
[EventType "swiss"]
[EventCountry "ESP"]
[SourceTitle "playchess.com"]
[Source "ChessBase"]
[SourceQuality "1"]
[TimeControl "5400+30"]

1. c4 e5 {[%emt 0:06:18]} 2. Nc3 {[%emt 0:00:00]} Nf6 {[%emt 0:00:10]} 3. Nf3 {[%emt 0:00:17]} Nc6 {[%emt 0:09:06]} 4. e3 {[%emt 0:00:22]} d6 {[%emt 0:00:30]} 5. d4 {[%emt 0:00:52]} Bg4 {[%emt 0:00:42]} 6. Be2 {[%emt 0:08:51]} Be7 {[%emt 0:07:18]} 7. h3 {[%emt 0:05:49]} Bh5 {[%emt 0:02:04]} 8. g4 {[%emt 0:24:22]} Bg6 {[%emt 0:11:15]} 9. Nh4 {[%emt 0:01:27]} Ne4 {[%emt 0:00:11]} 10. Nxg6 {[%emt 0:01:32]} Nxc3 11. bxc3 {[%emt 0:01:34]} hxg6 {[%emt 0:06:25]} 12. Rb1 {[%emt 0:00:30]} Na5 {[%emt 0:04:10]} 13. Qa4+ {[%emt 0:07:58]} c6 {[%emt 0:23:25]} 14. Ba3 {[%emt 0:24:24]} exd4 {[%emt 0:02:09]} 15. cxd4 {[%emt 0:07:22]} d5 16. Bxe7 {[%emt 0:00:39]} Kxe7 {[%emt 0:00:45]} 17. Qb4+ {[%emt 0:00:30]} Kf6 {[%emt 0:01:29]} 18. Rg1 {[%emt 0:06:18]} g5 19. Rg3 {[%emt 0:02:34]} g6 {[%emt 0:01:11]} 20. cxd5 {[%emt 0:01:11]} Qxd5 {[%emt 0:09:52]} 21. e4 {[%emt 0:00:30]} Qxe4 {[%emt 0:01:56]} 22. Re3 {[%emt 0:01:16]} c5 {[%emt 0:04:58]} 23. Qb5 {[%emt 0:01:33]} Qc2 {[%emt 0:00:30]} 24. Bd1 {[%emt 0:00:50]} Qxa2 {[%emt 0:01:34]} 25. Rb2 {[%emt 0:00:30]} Qa1 {[%emt 0:00:30]} 26. Rbe2 {[%emt 0:00:29]} Nc6 {[%emt 0:02:31]} 27. Rf3+ {[%emt 0:00:30]} Kg7 {[%emt 0:00:02]} 28. Rxf7+ {[%emt 0:00:50]} Kxf7 {[%emt 0:02:04]} 29. Qxb7+ {[%emt 0:00:14]} Kf6 30. Qxc6+ {[%emt 0:00:41]} Kg7 {[%emt 0:00:04]} 31. Re6 {[%emt 0:00:56]} Qc3+ {[%emt 0:01:00]} 32. Ke2 {[%emt 0:00:30]} Qc4+ {[%emt 0:00:30]} 33. Ke1 {[%emt 0:00:00]} Qxe6+ {[%emt 0:00:32]} 34. Qxe6 {[%emt 0:00:20]} Rhe8 {[%emt 0:00:06]} 35. d5 {[%emt 0:00:18]} Rxe6+ {[%emt 0:00:30]} 36. dxe6 {[%emt 0:00:30]} Kf6 {[%emt 0:00:02]} 37. Bb3 {[%emt 0:00:00]} Re8 {[%emt 0:00:12]} 38. Kd2 {[%emt 0:00:00]} Rxe6 {[%emt 0:00:30]} 39. Bxe6 {[%emt 0:00:16]} Kxe6 {[%emt 0:00:00]} 0-1

[Event "44th Badalona Open 2018"]
[Site "Badalona"]
[Date "2018.08.05"]
[Round "5"]
[White "Hernandez, Cristian Andres"]
[Black "Aguero Jimenez, Luis Lazaro"]
[Result "0-1"]
[WhiteElo "2323"]
[BlackElo "2482"]
[Annotator "TA"]
[PlyCount "104"]
[EventDate "2018.08.01"]
[EventType "swiss"]
[EventCountry "ESP"]
[SourceTitle "playchess.com"]
[Source "ChessBase"]
[SourceQuality "1"]

{[%evp 30,104,-14,-39,-5,-8,0,0,0,-18,-17,-13,-16,-10,-13,-20,-16,-127,-128,-126,-118,-126,-107,-117,-121,-119,-37,-91,-91,-91,-91,-95,-88,-97,-72,-88,0,-77,-28,-45,-37,-97,-98,-233,-229,-195,-192,-231,-61,-50,-83,-80,0,-77,-52,-41,-32,-437,-444,-448,-423,-331,-309,-4134,-4133,-4133,-3437,-2329,-752,-1588,-1360,-29965,-29968,-29971,-29972,-29968,-12848]} 1. d4 Nf6 2. c4 g6 3. Nc3 d5 4. cxd5 Nxd5 5. e4 Nxc3 6. bxc3 Bg7 7. Bc4 c5 8. Ne2 O-O 9. Be3 Nc6 10. O-O Bg4 11. f3 Bd7 12. Qd2 {D87: Exchange Grünfeld: Classical Line: Variations without ...cxd4} Qa5 (12... Rc8 13. Rac1 e6 14. Rfd1 Na5 15. Bd3 Ba4 16. Rf1 Qd7 17. Bf2 b6 18. h4 cxd4 19. cxd4 Bb5 20. Rfd1 Bxd3 21. Qxd3 {0-1 (62) Salem,A (2642)-Xiong,J (2634) chess.com INT 2018}) 13. Rab1 cxd4 14. cxd4 Qxd2 15. Bxd2 Nxd4 16. Rxb7 {LiveBook: 3 Games} Nxe2+ 17. Bxe2 Bd4+ 18. Kh1 Be6 19. a3 Rfc8 $146 ({Predecessor:} 19... Bc5 20. Bb4 {½-½ (20) Shamsi,M (2248)-Lorparizangeneh,S (2270) Tabriz 2013}) 20. Rd1 Rc2 21. Bd3 ({Much weaker is} 21. Rxe7 Bf6 $17) 21... Ra2 22. Bb4 Bf6 {aiming for ...Rd8.} 23. Re1 {[#]} ({Not} 23. Bxe7 $2 Bxe7 24. Bb1 Ra1 $19) (23. Ba6 $11) 23... a5 $1 $36 {[%cal Ra5b4][%mdl 2048] Black is on the roll.} 24. Bc5 Rc8 25. Bxe7 Bxe7 26. Rxe7 Rxa3 27. Bb5 Rac3 (27... Rb8 $17 28. Bf1 Ra8) 28. Kg1 (28. Ra7 $15) 28... Rb8 29. Re8+ Rxe8 30. Bxe8 {[%mdl 4096] Endgame KRB-KRB} Kf8 31. Bb5 Rb3 32. Bc6 Rc3 33. Bb5 Ra3 34. Rc1 Ke7 35. Rc7+ ({Better is} 35. Kf2 $15) 35... Kd6 36. Ra7 (36. Rc6+ $17 Ke5 37. Kf2) 36... Kc5 $19 37. Be8 Kb6 38. Re7 {[#]} Rc3 $2 ({Black should try} 38... a4 $1 $19 {Threatens to win with ...Ra1+.} 39. Bxf7 Bxf7 40. Rxf7 Rc3) 39. Bxf7 $15 Bxf7 40. Rxf7 {KR-KR} Rc7 (40... a4 $17 41. Rf6+ Kb7) 41. Rf8 (41. Rf6+ $11 Kb5 42. Rf8) 41... a4 $17 {[%cal Ba5a4,Ba4a3][%mdl 1056] Hoping for ...a3. Black has strong compensation.} 42. Rb8+ Rb7 43. Ra8 $2 {[%mdl 8192]} (43. Rc8 $15) 43... Ra7 $19 44. Rc8 Ka5 ({Weaker is} 44... a3 45. Rc1 $19) 45. Kf2 a3 46. f4 $2 (46. Rc1) 46... a2 47. Rc1 Kb4 48. Ra1 Kb3 (48... Kc3 $142 49. f5 Kb2) 49. Ke3 Kb2 50. Rxa2+ Rxa2 {Black mates.} 51. g4 Kc3 52. e5 Kc4 {Precision: White = 31%, Black = 52%.} 0-1

[Event "44th Badalona Open 2018"]
[Site "Badalona"]
[Date "2018.08.05"]
[Round "5"]
[White "Verstraeten, Reinaert"]
[Black "Narciso Dublan, Marc"]
[Result "1/2-1/2"]
[WhiteElo "2303"]
[BlackElo "2483"]
[Annotator "ChessBase"]
[PlyCount "95"]
[EventDate "2018.08.01"]
[EventType "swiss"]
[EventCountry "ESP"]
[SourceTitle "playchess.com"]
[Source "ChessBase"]
[SourceQuality "1"]
[TimeControl "5400+30"]

1. d4 d6 {[%emt 0:02:06]} 2. Nf3 {[%emt 0:00:00]} Bg4 {[%emt 0:00:15]} 3. c4 {[%emt 0:01:25]} g6 {[%emt 0:00:26]} 4. Nc3 {[%emt 0:01:32]} Bg7 5. g3 {[%emt 0:00:07]} Bxf3 {[%emt 0:00:49]} 6. exf3 {[%emt 0:02:59]} e6 {[%emt 0:04:28]} 7. d5 {[%emt 0:09:27]} Ne7 {[%emt 0:01:26]} 8. Bg2 {[%emt 0:02:06]} O-O {[%emt 0:00:43]} 9. f4 {[%emt 0:10:28]} exd5 10. Nxd5 {[%emt 0:00:08]} Nxd5 {[%emt 0:01:25]} 11. Bxd5 {[%emt 0:00:10]} Re8+ {[%emt 0:08:46]} 12. Kf1 c6 {[%emt 0:01:11]} 13. Bf3 {[%emt 0:00:48]} Nd7 {[%emt 0:02:39]} 14. Kg2 {[%emt 0:05:07]} Nb6 {[%emt 0:03:03]} 15. Qb3 {[%emt 0:16:47]} Qf6 {[%emt 0:33:55]} 16. a4 {[%emt 0:00:50]} Qe6 {[%emt 0:00:48]} 17. a5 {[%emt 0:01:37]} Nxc4 {[%emt 0:01:35]} 18. a6 bxa6 19. Bxc6 {[%emt 0:01:05]} Rab8 {[%emt 0:00:57]} 20. Qf3 {[%emt 0:03:22]} Re7 {[%emt 0:11:29]} 21. Rxa6 {[%emt 0:09:07]} Qc8 {[%emt 0:06:53]} 22. Ra4 {[%emt 0:01:36]} Rb3 23. Qxb3 {[%emt 0:14:17]} Qxc6+ {[%emt 0:00:36]} 24. Qf3 {[%emt 0:00:29]} Qxa4 {[%emt 0:00:51]} 25. b3 {[%emt 0:00:07]} Qa6 {[%emt 0:04:38]} 26. bxc4 {[%emt 0:06:43]} Qxc4 27. Ba3 Qe4 {[%emt 0:02:25]} 28. Bxd6 {[%emt 0:00:52]} Qxf3+ {[%emt 0:00:15]} 29. Kxf3 {[%emt 0:00:06]} Rd7 {[%emt 0:04:49]} 30. Be5 {[%emt 0:02:15]} a5 {[%emt 0:02:31]} 31. Ra1 Rd5 {[%emt 0:00:09]} 32. Ke4 {[%emt 0:04:32]} Rb5 33. Bxg7 {[%emt 0:02:16]} Kxg7 {[%emt 0:00:42]} 34. Kd4 {[%emt 0:00:00]} Kf6 {[%emt 0:03:00]} 35. Ra2 {[%emt 0:00:46]} g5 {[%emt 0:02:40]} 36. fxg5+ {[%emt 0:01:03]} Kxg5 {[%emt 0:01:34]} 37. Ke3 Kg4 {[%emt 0:00:19]} 38. Ra4+ {[%emt 0:00:39]} Kh3 {[%emt 0:00:01]} 39. Rh4+ {[%emt 0:00:27]} Kg2 {[%emt 0:01:01]} 40. Rxh7 {[%emt 0:02:55]} Rb3+ {[%emt 0:00:11]} 41. Ke4 {[%emt 0:01:51]} Rf3 42. Kd4 {[%emt 0:00:08]} Rxf2 {[%emt 0:01:15]} 43. Kc4 {[%emt 0:00:08]} Rf5 {[%emt 0:01:00]} 44. Kb3 Kf3 45. Ka4 {[%emt 0:00:51]} Kg4 {[%emt 0:00:46]} 46. Rg7+ {[%emt 0:00:11]} Kh3 {[%emt 0:00:14]} 47. Rh7+ {[%emt 0:00:02]} Kg4 {[%emt 0:00:12]} 48. Rg7+ 1/2-1/2

[Event "44th Badalona Open 2018"]
[Site "Badalona"]
[Date "2018.08.05"]
[Round "5"]
[White "Harikrishnan, A Ra"]
[Black "Munoz, Miguel"]
[Result "1/2-1/2"]
[WhiteElo "2301"]
[BlackElo "2475"]
[Annotator "TA"]
[PlyCount "28"]
[EventDate "2018.08.01"]
[EventType "swiss"]
[EventCountry "ESP"]
[SourceTitle "playchess.com"]
[Source "ChessBase"]
[SourceQuality "1"]

{[%evp 21,28,0,33,12,33,26,23,24,27]} 1. e4 c5 2. Nf3 Nc6 3. Bb5 g6 4. Bxc6 dxc6 5. O-O Bg7 6. h3 Nf6 7. d3 Nd7 {[%cal Bf6d7,Bd7f8,Bf8e6][%mdl 32]} 8. Nc3 e5 9. Be3 Qe7 10. Qd2 Nf8 {B31: Sizilianisch (Rossolimo-Variante)} 11. Bh6 Ne6 {LiveBook: 4 Partien} (11... f6 12. Bxg7 Qxg7 13. a3 Ne6 14. b4 O-O 15. Na4 b6 16. bxc5 b5 17. Nc3 Qe7 18. Qe3 Qxc5 19. Qxc5 Nxc5 {½-½ (44) Pridorozhni,A (2569)-Goganov,A (2601) Vladivostok 2015}) 12. Ne2 O-O 13. Bxg7 Nxg7 14. Nh2 Ne6 $146 ({Vorgänger:} 14... Be6 15. f4 exf4 16. Nxf4 Rad8 17. Nxe6 fxe6 18. Rxf8+ Rxf8 {1-0 (30) Harila,P (2083)-Szilardfy,G (2123) Budapest 2005}) 1/2-1/2